'L' Blitz Quiz Stats

 Plays Quiz Updated Jul 9, 2018

Also try: 'M' Blitz
Challenge
Share
Tweet
Embed
Score 0/40 Timer 04:00
1 Play Today
Category Answer % Correct
3 Letter Body PartLeg...
99.4%
Body OrganLiver...
94.7%
Boxing Weight ClassLightweight...
91.1%
Classical languageLatin
89.3%
Astrological SignLeo...
88.2%
Citrus FruitLemon...
87.9%
US StateLouisiana
87.8%
Simpsons' Family MemberLisa...
85.7%
European CountryLuxembourg...
85%
ElementLithium...
83.2%
Deadly SinLust...
79.9%
Asian CountryLaos...
77.8%
State of MatterLiquid
77.6%
Sporcle CategoryLanguage...
77.4%
Military RankLance Corporal...
75.4%
US PresidentLincoln
74%
Olympic Host CityLondon...
73.9%
Peanuts CharacterLinus...
73.2%
Clue/Cluedo RoomLounge...
72.8%
New Testament GospelLuke
71.3%
Category Answer % Correct
African CountryLesotho...
67.3%
Chronicle of Narnia (The ...)Last Battle...
67.2%
NFL TeamLions
66.3%
U.S. Federal HolidayLabor Day
65.4%
Superman VillainLex Luthor...
64.9%
Walt Disney Animated ClassicLady and the Tramp...
64.6%
Donald Duck's NephewLouie
60.6%
Round Table KnightLancelot du Lac...
59.5%
Book of the Bible (OT)Leviticus...
57.2%
Decathlon EventLong Jump
57%
Simple MachineLever
56.8%
Beatles Number OneLove Me Do...
51.8%
James Bond MovieLive and Let Die...
46.9%
Lord of the Rings CharacterLegolas...
46.8%
Premier League Team (ever)Liverpool...
44.6%
Monty Python MovieLife of Brian...
40%
Jackson SiblingLaToya
38.1%
Hogwarts' Staff MemberLupin...
26.8%
Shakespeare PlayLove's Labour's Lost
14.7%
Oscar Best PictureLawrence of Arabia...
10.8%

You're not logged in!

Compare scores with friends on all Sporcle quizzes.
Join for Free
OR
Log In

You Might Also Like...

Show Comments

Extras

Top Quizzes Today


Score Distribution

Your Account Isn't Verified!

In order to create a playlist on Sporcle, you need to verify the email address you used during registration. Go to your Sporcle Settings to finish the process.

Report this User

Report this user for behavior that violates our Community Guidelines.

Details: